Štatistická analýza dopravných nehôd v SR bakalárska práca

Gespeichert in:
Bibliographische Detailangaben
1. Verfasser: Egidyová, Mária
Körperschaft: Fakulta hospodárskej informatiky EU. Katedra štatistiky
Weitere Verfasser: Hrnčiarová, Ľubica
Format: Buch
Sprache:Slowakisch
Veröffentlicht: Bratislava 2009
Tags: Tag hinzufügen
Keine Tags, Fügen Sie das erste Tag hinzu!

MARC

LEADER 00000nam$a2200000$$$4500
001 0101341
005 20240319125146.7
041 0 |a slo 
044 |a SK 
245 1 0 |a Štatistická analýza dopravných nehôd v SR  |b bakalárska práca  |c Mária Egidyová ; škol. Ľubica Hrnčiarová 
264 1 |a Bratislava  |c 2009 
300 |a 34 s. 
100 1 |a Egidyová, Mária 
700 1 |a Hrnčiarová, Ľubica 
710 2 |a Fakulta hospodárskej informatiky EU. Katedra štatistiky